000 02730nam a2200337 a 4500
001 BRCA_2522
005 20190320203841.0
008 251108s1862----sp-a---###---#000-0dspa-u
041 _aspa
044 _asp
084 _a151
_b.N33
_c1862
100 1 _aCervantes Saavedra, Miguel de
_d1547-1616
_9213
245 1 0 _aEl Ingenioso Hidalgo Don Quijote de la Mancha
_ccompuesto por Miguel de Cervantes Saavedra.
260 _aMadrid
_bImprenta Nacional : José Gil Dorregaray
_c1862
300 _a3 v.
_bil.
_c37 cm.
500 _aContenido : v 1. Primera parte. Preámbulo de Jerónimo M. y Gil Dorregaray. Prólogo del autor. Versos preliminares. Texto. -- v 2. Segunda parte. Dedicatoria del autor. Prólogo del autor. Texto. -- v 3. El juicio crítico del Quijote por V. de los Ríos. Laq vida de Cervantes recopilada por Jerónimo M. con nuevos documentos. Catálogo de las ediciones notables de la novela
500 _aEdición : Nueva edición adornada con láminas en cobre, cuyas planchas son propiedad de la Real Academia Española
500 _aLujosa edición monumental, esmeradamente impresa, con tipos bellos y de buen cuerpo, sobre magnífico papel avitelado, y adornada con láminas de las mismas planchas que sirvieron para las de la primera edición de la Academia, impresa en 1780. Además del juicio crítico del Quijote, de V. de los Ríos, erudito trabajo de Jerónimo Durán acerca de la vida de Cervantes, contiene un catálogo de las ediciones más notables del Quijote. El biógrafo J. Durán tiene el mérito de haber publicado, por vez primera, la Real provisión de 1569, mediante la cual se condenaba a Cervantes a que le fuese cortada la mano derecha y que fuese desterrado de españa durante diez años, por haber herido en defensa de doncella, al andante en Corte, don Antonio Segura, dentro de recinto regio. Para que el lector pueda darse cuenta de la gran belleza tipográfica de esta edición, baste decir que en 1210 páginas que contienen los tres volúmenes, no se encuentra un solo guión de división de palabras al final de sus lineas Lúdovik Osterc
500 _aQM136
650 1 4 _aNovela española
_yÉpoca clásica, 1500-1700
_9215
650 1 4 _aLiteratura española
_yÉpoca clásica, 1500-1700
_9216
650 1 4 _aNovela española
_ySiglo XVII
_9217
650 1 4 _aDon Quijote (Personaje ficticio)
_eNovela
_9218
700 1 _aRíos, Vicente de los
_d1732-1779
_eBiógrafo
_97247
700 1 _aCarnicero Mancio, Antonio
_d1748-1814
_eIlustrador
_97248
700 1 _aCastillo, José del
_d1737-1793
_eIlustrador
_97249
700 1 _aJimeno, José Antonio
_d1757-1807
_eIlustrador
_97250
740 0 _aEl Ingenioso Hidalgo Don Quijote de la Mancha
902 _aQFM
942 _2lcc
_cB
999 _c2263
_d2263